| 000 | 00840nas a2200289 4500 | ||
|---|---|---|---|
| 001 | BR0402992 | ||
| 003 | BR-BrBNA | ||
| 005 | 20231205104608.0 | ||
| 007 | ta | ||
| 008 | 230509b bl.|||p| |||| 00| 00por d | ||
| 040 |
_aBR-BrBNA _bpor _cBiblioteca Nacional de Agricultura |
||
| 041 | _a(Pt) | ||
| 072 | _aL73; L72 | ||
| 100 | 1 | _aMassard, C.L. | |
| 100 | 1 | _aFonseca, A.H. | |
| 245 | 1 | _aCarrapatos e doenças transmitidas, comuns ao homem e aos animais | |
| 650 | _aANIMAL DOMÉSTICO | ||
| 650 | _aANIMAL SELVAGEM | ||
| 650 | _aHOMEM | ||
| 650 | _aCARRAPATO | ||
| 650 | _aDOENÇA ANIMAL | ||
| 650 | _aTRANSMISSÃO DE DOENÇA | ||
| 650 | _aZOONOSE | ||
| 773 | 0 |
_tHora Veterinária (Brazil) _xISSN 0101-9163 _g(Jan-Feb 2004), v. 23(137) p. 15-23 _wBR0402992 |
|
| 909 |
_a202311 _bLúcia _c55 _dLúcia Elande |
||
| 942 |
_2AGRIS _n0 _cANA |
||
| 999 |
_c178880 _d178880 |
||